000 00743nam a2200217Ii 4500
003 JO-AjNU
008 230605s9999||||xx |||||||||||||| ||und||
017 _a1982/29
040 _aJO-AjNU
_bara
_erda
_cJO-AjNU
041 _aara
050 1 4 _aHD5707.D85.1982
100 3 _aدرة، عبدالباري,
_eauthor
_939979
245 0 0 _aالعامل البشري والانتاجية في المؤسسات العامة
250 _aط1
264 3 1 _aعمان:دار الفرقان للنشر والتوزيع،1982
300 _a167ص
336 _atext
_btxt
_2rdacontent
337 _aunmediated
_bn
_2rdamedia
338 _avolume
_bnc
_2rdacarrier
650 4 _aادارة-ادارة الافراد-المؤسسات العامة
_939980
999 _aA16929
_c20497
_d20497